00341nam a2200109Ia 4500008004100000082002000041100002400061245001900085260003300104630001800137650007600155211109s9999||||xx |||||||||||||| ||und|| a894.8123bKES-K aKesavamenon [k P],  0aKazhinga Kalam bMathrubhumiaKozhikodec1957 xGeneral Stack aLiterature & rhetoricvmalayalam literaturemalayalam storiesxGeneralia